000 00640nam a2200205Ia 4500
001 9433
003 GE_BSU
008 181216s||||||||xx |||||||||||||| ||und||
040 _cGE_BSU
080 _a821.353.1–32
100 _aმოსაშვილი,მინდია
245 _aმოთხრობები.
245 _cრედ.ბ.მირცხულავა.მხატვ.ვ.ონიანი
260 _aთბილისი
260 _bსაბჭოთა საქართველო
260 _c1966
300 _a168გვ.16სმ.
653 _aმოთხრობები.
942 _cBK
999 _c42727
_d42727